Región Grau : (Registro nro. 1952)

000 -CABECERA
campo de control de longitud fija 00779nam a2200193 4500
005 - FECHA Y HORA DE LA ÚLTIMA TRANSACCIÓN
campo de control 20210725231018.0
008 - DATOS DE LONGITUD FIJA--INFORMACIÓN GENERAL
campo de control de longitud fija 210725s1990 pe d|||fr|||| 001 0 spa d
040 ## - FUENTE DE LA CATALOGACIÓN
Centro catalogador/agencia de origen CENDOC CAAAP
Lengua de catalogación spa
Centro/agencia transcriptor CAAAP
041 ## - CÓDIGO DE LENGUA
Código de lengua del texto/banda sonora o título independiente spa
050 ## - SIGNATURA TOPOGRÁFICA DE LA BIBLIOTECA DEL CONGRESO
Número de clasificación HA 1063.RG
Número de documento/Ítem P45
245 ## - MENCIÓN DE TÍTULO
Título Región Grau :
Subtitulo compendio estadístico 1989-1990
250 ## - MENCIÓN DE EDICIÓN
Mención de edición 1ra ed.
260 ## - PUBLICACIÓN, DISTRIBUCIÓN, ETC.
Lugar de publicación, distribución, etc. Lima:
Nombre del editor, distribuidor, etc. Instituto Nacional de Estadística e Informática,
Fecha de publicación, distribución, etc. 1990
300 ## - DESCRIPCIÓN FÍSICA
Extensión 156 p.
505 ## - NOTA DE CONTENIDO CON FORMATO
Nota de contenido con formato Contiene : Territorio -- Población -- Educación y cultura -- Salud -- Vivienda y construcción -- Ciencias Regionales: PBI -- Agropecuarios -- Energía y minas --Manufactura -- Turismo -- Trabajo, interior y justicia --Precios
650 10 - PUNTO DE ACCESO ADICIONAL DE MATERIA--TÉRMINO DE MATERIA
9 (RLIN) 1674
Término de materia o nombre geográfico como elemento de entrada Desarrollo Local
650 20 - PUNTO DE ACCESO ADICIONAL DE MATERIA--TÉRMINO DE MATERIA
9 (RLIN) 1678
Término de materia o nombre geográfico como elemento de entrada Gobierno Local
942 ## - ELEMENTOS PERSONALIZADOS KOHA
Fuente del sistema de clasificación o colocación
Fecha de catalogación 25 - 07 - 21
Tipo de ítem Koha Libros
Existencias
Fuente del sistema de clasificación o colocación Localización permanente Ubicación/localización actual Fecha de adquisición Número de inventario Total de préstamos Signatura LC Fecha visto por última vez Tipo de ítem Koha
  CENTRO DE DOCUMENTACIÓN (CENDOC) CENTRO DE DOCUMENTACIÓN (CENDOC) 07/25/2021 005409   HA 1063.RG P45 07/25/2021 Libros
Centro de Documentación CAAAP | AV. Manuel González Prada 626, Magdalena del Mar | (51-1) 4615223 Anexo 205 y 209 | cendoc@caaap.org.pe